000 00498ntaaa2200193 4500
003 01
005 20251027202057.0
008 0714s1973 ag 01
040 _aAR-BaBN
_bspa
_cAR-BaBN
_eaacr
_dRIC
082 _a252.0000 M83
100 _aMorrison, G.H.
245 _aThe footsteps of the flock
250 _a1 ed.
260 _aLondon :
_bHodder and Stoughton,
_cc1904
300 _a388 p
500 _aScripture studies for every Sunday of the year
650 _asermones
_9362
942 _cBK
999 _c15644
_d15644